00401 2200169 4500245003600000020002200036250001100058100001400069700001700083650001700100005001900117260003600136041001400172084000800186300002800194336000900222 aRemember DhakacDy LunalyhText a978-602-9397-64-2 aCet. 1 aDy Lunaly aIkhdah Henny aNovel Remaja a20230127074325 aYogyakartabBentang Beliac2013 aIndonesia a813 aviii, 20 hlm. :c19 cm. atext